000 01307ngm a2200301 4500
999 _c16434
_d16434
003 dpl
005 20181219102037.0
007 DVD
008 ||||||sp199 xxu|||||c|||| 00| 0 eng d
010 _aDVD-000871-873
024 _aA4653
_c599.00
035 _aDVD-000871-873
040 _aDPL
_cDPL
082 _aDVD / LERO
245 _aLeroy & Stitch :
_cWalt Disney Home Entertainment
_h[videorecording] DVD/
_bStitch Meets His Match In This All-New Adventure
246 _a.
260 _bWalt Disney Home Entertainment
300 _a1 videodisc DVD; (72:40 min.) :
_bsd., col. ;
_c4 3/4 in.
_fDVD
440 _aWalt Disney Home Entertainment
500 _aSole Distributor in India M/s. Excel Productions Autio Visuals Pvt. Ltd.
500 _aBonus Features: Games & Activities, The Big Red Battleship Simulator, Bonus Episod- "Link"
500 _aThis DVD is Copy Protected
538 _aDolby Digital 5.1 -English,Spanish, Portuguese Subtitles: English, Bahasa, Malay, Spanish, Portuguese
538 _aAspect Ratio: 1.78:1, Presentation type:Wide Screen, Presentation Size 16x9, Format DVD 9 Dual Layer Single Sided Disc.
650 _aAnimated Movie
942 _cCF
_2ddc
_hDVD
_mLERO